00928nam a2200229 i 450000100060000000300090000600500170001500700030003200800410003508000110007610000440008724501600013126000430029130000220033449000430035665000350039970000410043483000510047585200330052699900170055995201220057688805ES-MaACL20230906175935.0t|041213s1972 sp ||||1| spa d a17.0371 aNietzsche, Friedrich,d1844-190098571810aAsí habló Zaratustra b: un libro para todos y para nadie / cFriedrich Nietzsche ; introducción, traducción y notas de Andrés Sánchez Pascual. aMadrid : bAlianza Editorial, c[1972] a471 p. ; c18 cm.1 aEl libro de bolsillo. Historia ; v37714aNihilismo (Filosofía)9155401 aSánchez Pascual, Andrés.91028330 aEl libro de bolsillo. Historia ; v3779179835 aES-MaACLjE-10626 bR.134752 c88805d88805 00104070aATENEOMbATENEOMcDEPO2d2008-01-17eSCl0oE-10626p1092756r2023-02-23 00:00:00w2023-02-23yMONOGRAFIA